00463nam a22001577a 450000500170000001000140001702000260003103500130005703700130007008200110008310000150009424500740010926000380018327000620022130000220028320100809121349.0 aENG-99031 a9788179662656c100.00 aEN-82563 bDBAD/PUB a793.74 aLee, IIchi aMaking the best of your brain :ba practical approach /cby Iichi Lee aChennaibEmerald Publishersc2010 a15A, First Floor, Casa Nagar Road EgmorebChennaie600008 a98p. c21cm (pbk)